000
00299nam a22001337a 4500
008
181011b xxu||||| |||| 00| 0 eng d
020
_a
0123915015
041
_a
eng
080
_2
2nd
_a
616
100
_a
9
101
_a
PAT
245
_a
Pathology of Domestic Animals
_c
Jubb,K.V
942
_2
udc
_c
BK
999
_c
49381
_d
49381